When to include breaches of statute in schedules of dilapidation (Record no. 75661)

MARC details
000 -LEADER
fixed length control field 00910cab a2200181 4500
001 - CONTROL NUMBER
control field L130508
008 - FIXED-LENGTH DATA ELEMENTS--GENERAL INFORMATION
fixed length control field 050808n2005 000 0 eng u
035 ## - SYSTEM CONTROL NUMBER
System control number (Sirsi) u130508
041 ## - LANGUAGE CODE
Language code of text/sound track or separate title eng
100 ## - MAIN ENTRY--PERSONAL NAME
Personal name King, Vivien
245 ## - TITLE STATEMENT
Title When to include breaches of statute in schedules of dilapidation
260 ## - PUBLICATION, DISTRIBUTION, ETC.
Date of publication, distribution, etc. 2005
490 ## - SERIES STATEMENT
Series statement RICS Building Surveying Faculty: The Journal
Volume/sequential designation (15) July/August 2005, 16-17(2)
520 ## - SUMMARY, ETC.
Summary, etc. Looks at what to include when preparing a schedule of dilapidation. Advises to include breaches of covenant to comply with statute as well as breaches of contract to keep premises in repair so long as the purported breach falls within the term of the lease and records the surveyor's professional opinion on whether and why there is a breach.
590 ## - LOCAL NOTE (RLIN)
Local note IKA160805
690 ## - LOCAL SUBJECT ADDED ENTRY--TOPICAL TERM (OCLC, RLIN)
Topical term or geographic name as entry element PROPERTY-LEASEHOLD PROPERTY-LANDLORD AND TENANT-DILAPIDATIONS-DILAPIDATIONS SCHEDULES
942 ## - ADDED ENTRY ELEMENTS (KOHA)
Suppress in OPAC 0
Holdings
Withdrawn status Lost status Source of classification or shelving scheme Damaged status Not for loan Home library Current library Shelving location Date acquired Total Checkouts Full call number Barcode Date last seen Copy number Price effective from Koha item type
    Dewey Decimal Classification     London London Journal article 08/08/2005   L130508 130508-1001 06/08/2019 1 06/08/2019 Journal article